000 00259nam a2200097Ia 4500
008 120527s9999 xx 000 0 und d
100 _aOlajire,A,A.et al.
245 _aIntroductory organic and inorganic chemistry.
260 _bIgbalaye Printing.
942 _cBK
999 _c22044
_d22044